00636nam a2200217 a 450000100080000000500110000800800410001902200140006010000200007424500820009426000430017630000100021949000480022965000250027765000090030265300220031165300220033370000260035570000180038170000190039917446552013-10-14 2003 bl uuuu 00u1 u #d a1516-88401 aCUNHA, N. G. da aVariações de terras do escudo cristalino RS em uso na agricultura familiar. aPelotas: Embrapa Clima Temperadoc2003 a62 p. a(Embrapa Clima Temperado. Documentos, 115). aAgricultura Familiar aSolo aEscudo Cristalino aRio Grande do Sul1 aSILVEIRA, R. J. C. da1 aMENDES, R. G.1 aJACINTO, D. F.